[Event "Graz op-A"]
[Site "Graz"]
[Date "2020.02.21"]
[Round "9"]
[White "Ninov, Dayan"]
[Black "Froewis, Annika"]
[Result "1-0"]
[WhiteElo "2242"]
[BlackElo "2121"]
[PlyCount "75"]
[EventDate "2020.02.14"]
[EventType "swiss"]
[EventRounds "9"]
[EventCountry "AUT"]
[SourceTitle "CBM 195 Extra"]
[Source "ChessBase"]
[SourceDate "2020.05.31"]
[SourceVersion "1"]
[SourceVersionDate "2020.05.31"]
[SourceQuality "1"]

1. d4 d5 2. c4 e6 3. Nf3 Nf6 4. Nc3 c6 5. e3 Nbd7 6. Qc2 b6 7. Bd3 Bb7 8. 0-0 Be7 9. Ne5 Nxe5 10. dxe5 Nd7 11. f4 Nc5 12. Be2 dxc4 13. Bxc4 b5 14. Be2 Qb6 15. b4 Na6 16. a3 Nc7 17. Kh1 a5 18. Rb1 axb4 19. axb4 Nd5 20. Nxd5 cxd5 21. Bb2 Ra4 22. Bd4 Qc6 23. Rfc1 Qd7 24. Qc7 Ba6 25. Qb8+ Bd8 26. Ra1 Bb7 27. Bc5 f6 28. exf6 g6 29. Qe5 Kf7 30. Bd4 Bc6 31. Bd3 h6 32. Bxg6+ Kxg6 33. f7 Qxf7 34. Qxh8 Be8 35. Rxa4 bxa4 36. Rc8 Be7 37. Rxe8 e5 38. Bxe5 1-0

[Event "Graz op-A"]
[Site "Graz"]
[Date "2020.02.18"]
[Round "5"]
[White "Ninov, Dayan"]
[Black "Ioannidis, Evgenios"]
[Result "1/2-1/2"]
[WhiteElo "2242"]
[BlackElo "2399"]
[PlyCount "138"]
[EventDate "2020.02.14"]
[EventType "swiss"]
[EventRounds "9"]
[EventCountry "AUT"]
[SourceTitle "CBM 195 Extra"]
[Source "ChessBase"]
[SourceDate "2020.05.31"]
[SourceVersion "1"]
[SourceVersionDate "2020.05.31"]
[SourceQuality "1"]

1. e4 c5 2. c3 d5 3. exd5 Qxd5 4. d4 g6 5. Nf3 Bg7 6. Be3 Nf6 7. Be2 cxd4 8. cxd4 0-0 9. 0-0 Nc6 10. Nc3 Qa5 11. a3 Nd5 12. Nxd5 Qxd5 13. Rc1 Rd8 14. Ng5 Qa5 15. Bc4 e6 16. Qf3 Qf5 17. Qxf5 gxf5 18. Nf3 Nxd4 19. Nxd4 Bxd4 20. Bxd4 Rxd4 21. Rfd1 Rxd1+ 22. Rxd1 b6 23. Rd8+ Kg7 24. f4 Kg6 25. Rg8+ Kf6 26. g3 Bb7 27. Rxa8 Bxa8 28. Kf2 Ke7 29. Ke3 Kd6 30. b4 f6 31. Kd4 Bc6 32. Bb3 Bd7 33. Bd1 Bb5 34. Bb3 Bf1 35. Ke3 h6 36. Kd4 e5+ 37. Ke3 Kc6 38. Ba4+ Kd5 39. Bb3+ Bc4 40. Bc2 e4 41. Ba4 Bf1 42. Bb3+ Kc6 43. Ba4+ Bb5 44. Bb3 Kd6 45. Kd4 Bd7 46. Bd1 Be6 47. Ba4 a6 48. Bd1 Bd7 49. Bb3 Be8 50. Bc4 Bb5 51. Bb3 Bd7 52. Bc4 Kc6 53. Ke3 a5 54. Kd4 Kd6 55. Bb3 Bb5 56. Bf7 Ba4 57. Bh5 Bb3 58. Be8 Ke7 59. Bb5 axb4 60. axb4 Kd6 61. Be8 Be6 62. Ba4 Bc8 63. Bb3 Ba6 64. Bf7 Bc8 65. Bb3 Bd7 66. Bd1 Kc6 67. Ba4+ Kc7 68. Bb3 Kb7 69. Bd5+ Kc7 1/2-1/2

[Event "Graz op-A"]
[Site "Graz"]
[Date "2020.02.17"]
[Round "4"]
[White "Leisch, Lukas"]
[Black "Ninov, Dayan"]
[Result "0-1"]
[WhiteElo "2352"]
[BlackElo "2242"]
[PlyCount "102"]
[EventDate "2020.02.14"]
[EventType "swiss"]
[EventRounds "9"]
[EventCountry "AUT"]
[SourceTitle "CBM 195 Extra"]
[Source "ChessBase"]
[SourceDate "2020.05.31"]
[SourceVersion "1"]
[SourceVersionDate "2020.05.31"]
[SourceQuality "1"]

1. c4 g6 2. e4 Bg7 3. d4 Nc6 4. d5 Nd4 5. Nc3 e5 6. Nge2 c5 7. h4 h6 8. Qd3 d6 9. g3 Ne7 10. Bg2 a6 11. 0-0 Bd7 12. Be3 Qc8 13. b4 cxb4 14. Nxd4 bxc3 15. Nb3 Qc7 16. a4 b6 17. a5 bxa5 18. Nxa5 f5 19. Qxc3 0-0 20. Rfc1 f4 21. Bd2 g5 22. hxg5 hxg5 23. c5 Bb5 24. cxd6 Qxd6 25. Qc7 Qf6 26. gxf4 gxf4 27. Bb4 Rf7 28. Qd6 Qh4 29. Qe6 Bf6 30. Ra3 Kg7 31. Rh3 Qg5 32. Rc7 Rc8 33. Rxc8 Nxc8 34. Qf5 Qxf5 35. exf5 Be7 36. Bc3 Rxf5 37. Be4 Rg5+ 38. Kh1 Nd6 39. Bc2 Bf6 40. Rh7+ Kg8 41. Nc6 Bc4 42. f3 Bxd5 43. Ne7+ Bxe7 44. Rxe7 Bxf3+ 45. Kh2 Rg2+ 46. Kh3 Rxc2 47. Bxe5 Nf5 48. Ra7 Bg2+ 49. Kg4 f3 50. Bg3 Nxg3 51. Kxg3 Ra2 0-1

[Event "Primorsko op-A"]
[Site "Primorsko"]
[Date "2019.09.17"]
[Round "3"]
[White "Spasov, Vasil"]
[Black "Ninov, Dayan"]
[Result "1/2-1/2"]
[WhiteElo "2497"]
[BlackElo "2261"]
[PlyCount "59"]
[EventDate "2019.09.15"]
[EventType "swiss"]
[EventRounds "9"]
[EventCountry "BUL"]
[SourceTitle "EXT 2020"]
[Source "ChessBase"]
[SourceDate "2019.10.17"]
[SourceVersion "1"]
[SourceVersionDate "2019.10.17"]
[SourceQuality "1"]

1. e4 b6 2. d4 Bb7 3. Bd3 e6 4. Nf3 d5 5. e5 Qc8 6. 0-0 Ba6 7. Nc3 Ne7 8. Ne2 c5 9. c3 Bxd3 10. Qxd3 Qa6 11. Qd1 Nbc6 12. Nf4 h5 13. dxc5 bxc5 14. Re1 Nf5 15. Ng5 Nce7 16. Nxh5 Ng6 17. Nf4 Nxf4 18. Bxf4 Be7 19. Qf3 Nh4 20. Qe3 Rh5 21. Nf3 Qb7 22. Nxh4 Rxh4 23. Bg3 Rh8 24. b4 g6 25. bxc5 Qc6 26. Rab1 Kf8 27. Qd3 Bxc5 28. Qb5 Rc8 29. a4 Kg7 30. Red1 1/2-1/2

[Event "Vojvodina op 9th"]
[Site "Novi Sad"]
[Date "2018.07.27"]
[Round "9"]
[White "Kostic, Vladimir G"]
[Black "Ninov, Dayan"]
[Result "1-0"]
[WhiteElo "2319"]
[BlackElo "2229"]
[PlyCount "51"]
[EventDate "2018.07.22"]
[EventType "swiss"]
[EventRounds "9"]
[EventCountry "YUG"]
[SourceTitle "CBM 185 Extra"]
[Source "ChessBase"]
[SourceDate "2018.07.29"]
[SourceVersion "1"]
[SourceVersionDate "2018.07.29"]
[SourceQuality "1"]

1. e4 c5 2. Nc3 Nc6 3. Bb5 e6 4. Bxc6 bxc6 5. f4 c4 6. Nf3 d5 7. e5 Ne7 8. 0-0 Nf5 9. Kh1 Ba6 10. Ne2 h5 11. Ned4 Nxd4 12. Nxd4 c5 13. Nf3 c3 14. d3 cxb2 15. Bxb2 Rb8 16. Rb1 Be7 17. Qe2 g6 18. Ng5 0-0 19. h4 Bxg5 20. hxg5 d4 21. Kg1 Qd5 22. Ba3 Rxb1 23. Rxb1 Qxa2 24. Rb3 Rc8 25. f5 c4 26. fxg6 1-0

[Event "Paracin Summer op-A 11th"]
[Site "Paracin"]
[Date "2018.07.13"]
[Round "9"]
[White "Arsovic, Zoran"]
[Black "Ninov, Dayan"]
[Result "1-0"]
[WhiteElo "2436"]
[BlackElo "2229"]
[PlyCount "97"]
[EventDate "2018.07.06"]
[EventType "swiss"]
[EventRounds "9"]
[EventCountry "SRB"]
[SourceTitle "CBM 185 Extra"]
[Source "ChessBase"]
[SourceDate "2018.07.29"]
[SourceVersion "1"]
[SourceVersionDate "2018.07.29"]
[SourceQuality "1"]

1. Nf3 d5 2. g3 Nf6 3. Bg2 c6 4. 0-0 Bf5 5. c4 e6 6. cxd5 exd5 7. d3 Be7 8. Qb3 Qb6 9. Qc2 h6 10. Nc3 0-0 11. e4 Bh7 12. Be3 Qa6 13. Rfd1 Nbd7 14. a3 Bc5 15. Bf4 Rfe8 16. b4 Bf8 17. exd5 cxd5 18. Qb3 Bd6 19. Be3 Rad8 20. Bd4 Ne5 21. b5 Qa5 22. Nxe5 Bxe5 23. Bxe5 Rxe5 24. d4 Re7 25. Nxd5 Nxd5 26. Bxd5 Red7 27. Bf3 Rxd4 28. Rxd4 Rxd4 29. Bxb7 Bg6 30. Bc6 Rd2 31. Qb4 Qd8 32. Re1 Rd1 33. Kg2 Rxe1 34. Qxe1 Qd4 35. Qe7 Kh7 36. h4 h5 37. Bf3 Qb6 38. Qe5 f6 39. Qd5 Kh6 40. Qd2+ Kh7 41. a4 Qc5 42. Qe3 Qc7 43. Qe6 Qc1 44. a5 Qb1 45. b6 Bd3 46. Qe3 axb6 47. axb6 Qf1+ 48. Kh2 Bf5 49. Bg2 1-0

[Event "Paracin Summer op-A 11th"]
[Site "Paracin"]
[Date "2018.07.11"]
[Round "7"]
[White "Vaishali, Ramesh Babu"]
[Black "Ninov, Dayan"]
[Result "0-1"]
[WhiteElo "2337"]
[BlackElo "2229"]
[PlyCount "62"]
[EventDate "2018.07.06"]
[EventType "swiss"]
[EventRounds "9"]
[EventCountry "SRB"]
[SourceTitle "EXT 2019"]
[Source "ChessBase"]
[SourceDate "2018.10.10"]
[SourceVersion "1"]
[SourceVersionDate "2018.10.10"]
[SourceQuality "1"]

1. c4 c6 2. d4 d5 3. cxd5 cxd5 4. Bg5 Qb6 5. Nc3 Nc6 6. Qd2 e6 7. e3 Nf6 8. Bxf6 gxf6 9. Bd3 Bd7 10. Nf3 Rc8 11. 0-0 Be7 12. Rac1 0-0 13. e4 dxe4 14. Bxe4 f5 15. Bb1 Bf6 16. Ne2 Qb4 17. Rc3 Kh8 18. a3 Qd6 19. Qh6 Qe7 20. Re3 Bg7 21. Qf4 Qf6 22. Ne5 Rcd8 23. Nxd7 Rxd7 24. d5 Rxd5 25. Qc7 Qe7 26. Qg3 Qd6 27. f4 Rd1 28. Ref3 Nd4 29. Nxd4 Qxd4+ 30. Kh1 Rd8 31. b4 Qa1 0-1

[Event "Paracin Summer op-A 11th"]
[Site "Paracin"]
[Date "2018.07.07"]
[Round "2"]
[White "Ninov, Dayan"]
[Black "Eric, Jovana"]
[Result "0-1"]
[WhiteElo "2229"]
[BlackElo "2342"]
[PlyCount "75"]
[EventDate "2018.07.06"]
[EventType "swiss"]
[EventRounds "9"]
[EventCountry "SRB"]
[SourceTitle "CBM 185 Extra"]
[Source "ChessBase"]
[SourceDate "2018.07.29"]
[SourceVersion "1"]
[SourceVersionDate "2018.07.29"]
[SourceQuality "1"]

1. e4 g6 2. d4 Bg7 3. c4 d6 4. Nc3 Nd7 5. Be3 e5 6. d5 Nh6 7. h4 Nf6 8. f3 Nh5 9. Qd2 Ng8 10. g4 Ng3 11. Rh2 Nxf1 12. Kxf1 h5 13. g5 Ne7 14. Nh3 0-0 15. Ke2 c6 16. Rd1 cxd5 17. cxd5 Bd7 18. Nf2 b5 19. Nd3 a5 20. a3 Nc8 21. b3 Nb6 22. Rc1 Qb8 23. Ke1 a4 24. Qf2 Nc8 25. b4 f6 26. gxf6 Rxf6 27. Rg2 Kh7 28. Qg3 Be8 29. Nd1 Qb7 30. Rgc2 Rf7 31. N3f2 Nb6 32. Nb2 Rc8 33. Nh3 Rfc7 34. Ng5+ Kg8 35. Qf2 Nc4 36. Nxc4 Rxc4 37. Rxc4 bxc4 38. Kd2 0-1

[Event "Paracin Summer op-A 11th"]
[Site "Paracin"]
[Date "2018.07.06"]
[Round "1"]
[White "Savic, Miodrag R"]
[Black "Ninov, Dayan"]
[Result "1/2-1/2"]
[WhiteElo "2541"]
[BlackElo "2229"]
[PlyCount "87"]
[EventDate "2018.07.06"]
[EventType "swiss"]
[EventRounds "9"]
[EventCountry "SRB"]
[SourceTitle "CBM 185 Extra"]
[Source "ChessBase"]
[SourceDate "2018.07.29"]
[SourceVersion "1"]
[SourceVersionDate "2018.07.29"]
[SourceQuality "1"]

1. e4 Nf6 2. e5 Nd5 3. d4 d6 4. c4 Nb6 5. exd6 cxd6 6. Be3 g6 7. Nc3 Bg7 8. Nf3 0-0 9. h3 Nc6 10. Rc1 d5 11. b3 Be6 12. c5 Nd7 13. Bb5 a6 14. Bxc6 bxc6 15. 0-0 f6 16. Qd2 Bf7 17. Bh6 e5 18. Bxg7 Kxg7 19. dxe5 fxe5 20. Na4 Be6 21. Qe3 Qf6 22. Rce1 Rae8 23. Nxe5 Bxh3 24. f4 Bf5 25. Nc3 Qe7 26. Qd4 Qxc5 27. Nxc6+ Qxd4+ 28. Nxd4 Bd3 29. Rxe8 Rxe8 30. Rd1 Be4 31. Nc6 Nf6 32. Nb4 Rc8 33. Nxe4 dxe4 34. Nxa6 Rc2 35. a4 e3 36. Re1 Nd5 37. b4 Rc4 38. a5 Nxb4 39. Nxb4 Rxb4 40. Ra1 Rxf4 41. a6 e2 42. Re1 Ra4 43. Rxe2 Rxa6 44. Re7+ 1/2-1/2

[Event "Albena op"]
[Site "Albena"]
[Date "2017.06.23"]
[Round "7"]
[White "Spasov, Vasil"]
[Black "Ninov, Dayan"]
[Result "1/2-1/2"]
[WhiteElo "2524"]
[BlackElo "2230"]
[PlyCount "71"]
[EventDate "2017.06.17"]
[EventType "swiss"]
[EventRounds "9"]
[EventCountry "BUL"]
[SourceTitle "CBM 179 Extra"]
[Source "ChessBase"]
[SourceDate "2017.08.23"]
[SourceVersion "1"]
[SourceVersionDate "2017.08.23"]
[SourceQuality "1"]

1. e4 c5 2. Nf3 e6 3. d4 cxd4 4. Nxd4 Nc6 5. Nc3 Nf6 6. Ndb5 Bc5 7. Nd6+ Ke7 8. Bf4 e5 9. Nf5+ Kf8 10. Bg5 d6 11. Bc4 h6 12. Bxf6 Qxf6 13. Nd5 Qg5 14. Nfe3 g6 15. h4 Qd8 16. h5 Kg7 17. Qd3 a6 18. Bb3 b5 19. c3 Rb8 20. a3 a5 21. hxg6 fxg6 22. Bc2 b4 23. Ba4 Ne7 24. axb4 axb4 25. Nxb4 Bxb4 26. cxb4 Rxb4 27. Bb3 Qb6 28. Ra3 Rd4 29. Qc2 Ba6 30. Be6 Kf6 31. Nd5+ Nxd5 32. exd5 Qb4+ 33. Qc3 Re4+ 34. Kd1 Rd4+ 35. Ke1 Re4+ 36. Kd1 1/2-1/2

[Event "Albena op"]
[Site "Albena"]
[Date "2017.06.17"]
[Round "1"]
[White "Dedu, Serban Gabriel"]
[Black "Ninov, Dayan"]
[Result "0-1"]
[WhiteElo "1648"]
[BlackElo "2230"]
[PlyCount "57"]
[EventDate "2017.06.17"]
[EventType "swiss"]
[EventRounds "9"]
[EventCountry "BUL"]
[SourceTitle "CBM 179 Extra"]
[Source "ChessBase"]
[SourceDate "2017.08.23"]
[SourceVersion "1"]
[SourceVersionDate "2017.08.23"]
[SourceQuality "1"]

1. e4 c5 2. d3 Nc6 3. Nf3 g6 4. g3 Bg7 5. Bg2 e5 6. Nc3 Nge7 7. 0-0 0-0 8. Nh4 d6 9. Ne2 d5 10. Rb1 dxe4 11. dxe4 Bg4 12. Bf3 Be6 13. b3 Qc7 14. c3 a5 15. Be3 b6 16. Qc1 Rfd8 17. Rd1 Rxd1+ 18. Qxd1 Rd8 19. Qc2 Qd7 20. Ng2 f5 21. Bg5 Qd3 22. Ne1 Qxc2 23. Nxc2 h6 24. exf5 Bxf5 25. Bxe7 Nxe7 26. Rc1 Rd2 27. Ne3 Rxa2 28. Kf1 Bd3 29. Nd5 0-1

[Event "Primorsko op"]
[Site "Primorsko"]
[Date "2016.09.20"]
[Round "3"]
[White "Georgiev, Krum"]
[Black "Ninov, Dayan"]
[Result "1/2-1/2"]
[WhiteElo "2395"]
[BlackElo "2291"]
[PlyCount "21"]
[EventDate "2016.09.18"]
[EventType "swiss"]
[EventRounds "9"]
[EventCountry "BUL"]
[SourceTitle "CBM 174 Extra"]
[Source "ChessBase"]
[SourceDate "2016.10.10"]
[SourceVersion "1"]
[SourceVersionDate "2016.10.10"]
[SourceQuality "1"]

1. e4 Nf6 2. e5 Nd5 3. d4 d6 4. c4 Nb6 5. exd6 cxd6 6. Nc3 g6 7. Be3 Bg7 8. Qd2 Nc6 9. h3 0-0 10. Nf3 d5 11. c5 1/2-1/2

[Event "Plovdiv ChessBomb op 2nd"]
[Site "Plovdiv"]
[Date "2016.07.15"]
[Round "6"]
[White "Georgiev, Todor"]
[Black "Ninov, Dayan"]
[Result "0-1"]
[WhiteElo "2262"]
[BlackElo "2264"]
[PlyCount "62"]
[EventDate "2016.07.12"]
[EventType "swiss"]
[EventRounds "7"]
[EventCountry "BUL"]
[SourceTitle "CBM 173 Extra"]
[Source "ChessBase"]
[SourceDate "2016.08.29"]
[SourceVersion "1"]
[SourceVersionDate "2016.08.29"]
[SourceQuality "1"]

1. d4 d5 2. c4 c6 3. Nf3 Nf6 4. Nbd2 Bf5 5. g3 e6 6. Nh4 Be4 7. f3 Bg6 8. Nxg6 hxg6 9. Bg2 Be7 10. e3 Nbd7 11. 0-0 0-0 12. Qe2 e5 13. dxe5 Nxe5 14. f4 Ned7 15. e4 dxe4 16. Nxe4 Nxe4 17. Qxe4 Re8 18. Kh1 Bf6 19. Qc2 Nc5 20. Bd2 Re2 21. Rad1 Qd3 22. Qc1 Rxg2 23. Kxg2 Qe2+ 24. Rf2 Qe4+ 25. Rf3 Qe2+ 26. Rf2 Qe4+ 27. Rf3 Nd3 28. Re1 Nxe1+ 29. Bxe1 Rd8 30. Bf2 Rd3 31. Be3 Bxb2 0-1

[Event "Plovdiv ChessBomb op 2nd"]
[Site "Plovdiv"]
[Date "2016.07.12"]
[Round "1"]
[White "Ninov, Dayan"]
[Black "Kolev, Georgi"]
[Result "1-0"]
[WhiteElo "2264"]
[BlackElo "1491"]
[PlyCount "91"]
[EventDate "2016.07.12"]
[EventType "swiss"]
[EventRounds "7"]
[EventCountry "BUL"]
[SourceTitle "CBM 173 Extra"]
[Source "ChessBase"]
[SourceDate "2016.08.29"]
[SourceVersion "1"]
[SourceVersionDate "2016.08.29"]
[SourceQuality "1"]

1. d4 d5 2. Nf3 c5 3. c3 Nf6 4. Bf4 e6 5. Nbd2 Nc6 6. e3 Be7 7. h3 0-0 8. Bd3 b6 9. 0-0 Bb7 10. Qe2 Qd7 11. Rad1 Rad8 12. Rfe1 Qc8 13. dxc5 bxc5 14. e4 d4 15. c4 Nb4 16. Bb1 Qd7 17. Ne5 Qa4 18. a3 Nc6 19. Nd3 Na5 20. b3 Qd7 21. b4 cxb4 22. axb4 Nc6 23. e5 Ne8 24. c5 Nc7 25. Qh5 Nd5 26. b5 Nc3 27. bxc6 Qxc6 28. Nf3 g6 29. Qg4 Nxd1 30. Rxd1 a5 31. Bg5 Bxg5 32. Nxg5 a4 33. f3 Qd5 34. Qh4 h5 35. Ne4 Qb3 36. Nf6+ Kg7 37. Nxh5+ gxh5 38. Qg5+ Kh8 39. Qxh5+ Kg7 40. Qg5+ Kh8 41. Qh6+ Kg8 42. Re1 Qc3 43. Rc1 Qa3 44. Kh2 Rfe8 45. Nf4 Qxc1 46. Bh7+ 1-0

[Event "Albena op-A"]
[Site "Albena"]
[Date "2016.06.19"]
[Round "2"]
[White "Ninov, Dayan"]
[Black "Dimitrov, Vladimir"]
[Result "1/2-1/2"]
[WhiteElo "2246"]
[BlackElo "2416"]
[PlyCount "56"]
[EventDate "2016.06.18"]
[EventType "swiss"]
[EventRounds "9"]
[EventCountry "BUL"]
[SourceTitle "CBM 173 Extra"]
[Source "ChessBase"]
[SourceDate "2016.08.29"]
[SourceVersion "1"]
[SourceVersionDate "2016.08.29"]
[SourceQuality "1"]

1. Nf3 c5 2. c4 Nc6 3. Nc3 g6 4. g3 Bg7 5. Bg2 b6 6. 0-0 Bb7 7. a3 d6 8. b4 Bxc3 9. dxc3 Qc7 10. Qa4 Kf8 11. bxc5 bxc5 12. Rb1 Nd8 13. Qc2 Kg7 14. e4 h6 15. Re1 e5 16. Qd3 f6 17. Nd2 Nf7 18. Nf1 Ne7 19. Ne3 Rab8 20. f4 Bc6 21. Rxb8 Rxb8 22. Rf1 Rb3 23. Ng4 Ng8 24. Qf3 Qe7 25. Qd3 Qd8 26. fxe5 dxe5 27. Nxe5 Qxd3 28. Nxd3 Rxc3 1/2-1/2

[Event "Albena op-A"]
[Site "Albena"]
[Date "2016.06.18"]
[Round "1"]
[White "Fil, Alkim Alper"]
[Black "Ninov, Dayan"]
[Result "0-1"]
[WhiteElo "1853"]
[BlackElo "2246"]
[PlyCount "95"]
[EventDate "2016.06.18"]
[EventType "swiss"]
[EventRounds "9"]
[EventCountry "BUL"]
[SourceTitle "CBM 173 Extra"]
[Source "ChessBase"]
[SourceDate "2016.08.29"]
[SourceVersion "1"]
[SourceVersionDate "2016.08.29"]
[SourceQuality "1"]

1. d4 g6 2. c4 Bg7 3. Nc3 c5 4. d5 Bxc3+ 5. bxc3 f5 6. f3 Nf6 7. Bh6 Qa5 8. Qb3 d6 9. e3 Nbd7 10. Nh3 Nb6 11. Be2 Bd7 12. 0-0 Ba4 13. Qb2 Rg8 14. Ng5 Bd7 15. Rfc1 Qa4 16. Qb3 Qa6 17. a3 Nfxd5 18. cxd5 Qxe2 19. c4 Qd2 20. Rc2 Qa5 21. Qb2 Qa6 22. Rac1 Na4 23. Qa1 0-0-0 24. Bg7 h5 25. Nf7 Rde8 26. Nh6 e5 27. dxe6 Rxg7 28. Qxg7 Rxe6 29. Ng8 Nb6 30. Ne7+ Kd8 31. Nxg6 Qxa3 32. Rc3 Qb2 33. Qh8+ Kc7 34. Qxh5 Rxe3 35. Rxe3 Qxc1+ 36. Kf2 Nxc4 37. Re2 Nb2 38. h4 f4 39. g3 Nd1+ 40. Kg2 Ne3+ 41. Kh2 Qd1 42. Nxf4 Nf1+ 43. Kg2 Nd2 44. Rf2 Nc4 45. g4 Ne3+ 46. Kg3 Qg1+ 47. Rg2 Nf1+ 48. Kh3 0-1

[Event "BUL-ch sf 80th"]
[Site "Plovdiv"]
[Date "2016.02.10"]
[Round "4"]
[White "Ninov, Dayan"]
[Black "Galunova, Tsveta"]
[Result "1/2-1/2"]
[WhiteElo "2152"]
[BlackElo "2169"]
[PlyCount "60"]
[EventDate "2016.02.08"]
[EventType "swiss"]
[EventRounds "9"]
[EventCountry "BUL"]
[SourceTitle "CBM 170 Extra"]
[Source "ChessBase"]
[SourceDate "2016.02.25"]
[SourceVersion "1"]
[SourceVersionDate "2016.02.25"]
[SourceQuality "1"]

1. e4 e6 2. d4 d5 3. exd5 exd5 4. Nf3 Nf6 5. Bd3 Bd6 6. 0-0 0-0 7. Re1 c6 8. Bg5 Bg4 9. Nbd2 Nbd7 10. h3 Bh5 11. c3 Qc7 12. Qc2 Rfe8 13. Nf1 Bg6 14. Bxg6 hxg6 15. Rxe8+ Rxe8 16. Re1 Rxe1 17. Nxe1 Nf8 18. Nd3 Ne6 19. Bxf6 gxf6 20. Ne3 Nf4 21. Nxf4 Bxf4 22. Qe2 Kf8 23. g3 Bd6 24. Kf1 b6 25. Nc2 Qe7 26. Ne1 Qxe2+ 27. Kxe2 Ke7 28. Nd3 Ke6 29. Kf3 g5 30. a4 c5 1/2-1/2

[Event "Sunny Beach VIP op 1st"]
[Site "Sunny Beach"]
[Date "2015.08.22"]
[Round "5"]
[White "Ninov, Dayan"]
[Black "Bukhteeva, Viktoria"]
[Result "1/2-1/2"]
[WhiteElo "2091"]
[BlackElo "2186"]
[PlyCount "65"]
[EventDate "2015.08.20"]
[EventType "swiss"]
[EventRounds "7"]
[EventCountry "BUL"]
[SourceTitle "EXT 2016"]
[Source "ChessBase"]
[SourceDate "2015.10.08"]
[SourceVersion "1"]
[SourceVersionDate "2015.10.08"]
[SourceQuality "1"]

1. b3 e5 2. Bb2 Nc6 3. e3 a6 4. Nf3 e4 5. Nd4 Nxd4 6. Bxd4 Nf6 7. Be2 d5 8. c4 dxc4 9. bxc4 Be7 10. 0-0 0-0 11. f3 c5 12. Bb2 Bf5 13. fxe4 Bxe4 14. a3 Bg6 15. Nc3 Qd7 16. e4 Rfe8 17. Kh1 Bd8 18. a4 Qd6 19. Qe1 Bc7 20. g3 h5 21. Qf2 Rad8 22. Ba3 Qd4 23. Qxd4 cxd4 24. Nd5 Nxd5 25. cxd5 f5 26. Rac1 Bd6 27. Bxd6 Rxd6 28. exf5 Rxe2 29. fxg6 Rxg6 30. Rfe1 Rxd2 31. Red1 Re2 32. Re1 Rd2 33. Red1 1/2-1/2

[Event "Albena op-B"]
[Site "Albena"]
[Date "2015.06.23"]
[Round "7"]
[White "Popchev, Milko"]
[Black "Ninov, Dayan"]
[Result "1-0"]
[WhiteElo "2220"]
[BlackElo "2142"]
[PlyCount "73"]
[EventDate "2015.06.17"]
[EventType "swiss"]
[EventRounds "9"]
[EventCountry "BUL"]
[SourceTitle "CBM 167 Extra"]
[Source "ChessBase"]
[SourceDate "2015.09.14"]
[SourceVersion "1"]
[SourceVersionDate "2015.09.14"]
[SourceQuality "1"]

1. g3 Nf6 2. Bg2 g6 3. e4 d6 4. d4 Bg7 5. Nc3 0-0 6. Nge2 Nbd7 7. h3 c5 8. Be3 Rb8 9. dxc5 dxc5 10. a4 Qa5 11. Bf4 Ra8 12. 0-0 a6 13. Qd2 Re8 14. Rfd1 Nb6 15. Bc7 Be6 16. Nf4 Rac8 17. Nxe6 fxe6 18. Bxb6 Qxb6 19. e5 Rcd8 20. Qe2 Nd5 21. Nxd5 exd5 22. Bxd5+ e6 23. Bb3 c4 24. Bxc4 Qxb2 25. Bxe6+ Kh8 26. Bf7 Rxd1+ 27. Rxd1 Rxe5 28. Qc4 Bf6 29. Qc8+ Kg7 30. Bb3 Re7 31. Qg8+ Kh6 32. Qf8+ Rg7 33. Rd3 Qc1+ 34. Kg2 Be7 35. Qf3 b6 36. h4 Bc5 37. Rd1 1-0

[Event "Golden Sands op-B"]
[Site "Golden Sands"]
[Date "2015.06.15"]
[Round "8"]
[White "Ninov, Dayan"]
[Black "Mladenov, Emil"]
[Result "0-1"]
[WhiteElo "2142"]
[BlackElo "2095"]
[PlyCount "106"]
[EventDate "2015.06.08"]
[EventType "swiss"]
[EventRounds "9"]
[EventCountry "BUL"]
[SourceTitle "CBM 167 Extra"]
[Source "ChessBase"]
[SourceDate "2015.09.14"]
[SourceVersion "1"]
[SourceVersionDate "2015.09.14"]
[SourceQuality "1"]

1. d4 g6 2. e4 d5 3. exd5 Qxd5 4. Nc3 Qd8 5. Nf3 Bg7 6. Bc4 Nh6 7. Bf4 Nf5 8. Qd2 a6 9. Ne5 0-0 10. Rd1 c5 11. Nxf7 Rxf7 12. dxc5 Qxd2+ 13. Rxd2 Bxc3 14. bxc3 Nc6 15. Bxf7+ Kxf7 16. 0-0 Be6 17. Rb1 Ra7 18. a4 Ng7 19. Re1 Ne8 20. Rde2 Bc4 21. Re4 Bd5 22. R4e3 Nf6 23. Bg5 Ra8 24. Rd3 Bc4 25. Rh3 h5 26. Rh4 Be6 27. Rd1 Bf5 28. Rf4 Ne4 29. h4 Nxc3 30. Re1 Rd8 31. Rc4 Nd5 32. Rd1 Rd7 33. f3 Ke8 34. Kh1 Nf6 35. Rxd7 Kxd7 36. Rc3 Nd5 37. Rb3 Na5 38. Rb2 Kc6 39. Kh2 Kxc5 40. Bh6 b6 41. Rb1 Nc4 42. Rg1 Bxc2 43. g4 Bxa4 44. gxh5 gxh5 45. Rg5 b5 46. Rxh5 b4 47. Bc1 b3 48. Rh8 b2 49. Rc8+ Bc6 50. Bxb2 Nxb2 51. h5 Nf6 52. h6 Nd3 53. Rf8 Ne5 0-1